[Event "Aligarh Pavna op"]
[Site "Aligarh"]
[Date "2016.05.17"]
[Round "1"]
[White "Dutta, Joydeep"]
[Black "Ajay, Kumartripathi"]
[Result "1-0"]
[WhiteElo "2217"]
[BlackElo "1181"]
[PlyCount "59"]
[EventDate "2016.05.17"]
[EventType "swiss"]
[EventRounds "9"]
[EventCountry "IND"]
[SourceTitle "CBM 172 Extra"]
[Source "ChessBase"]
[SourceDate "2016.06.21"]
[SourceVersion "1"]
[SourceVersionDate "2016.06.21"]
[SourceQuality "1"]

1. d4 d5 2. Nc3 Nf6 3. Bg5 e6 4. e4 dxe4 5. Nxe4 Be7 6. Bxf6 Bxf6 7. Nf3 Nc6 8. c3 Be7 9. Bd3 b6 10. Bb5 Bd7 11. Qe2 h6 12. 0-0-0 a5 13. Ne5 Nb8 14. Nxd7 Nxd7 15. d5 Bd6 16. dxe6 fxe6 17. Nxd6+ cxd6 18. Qxe6+ Qe7 19. Bxd7+ Kf8 20. Qf5+ Qf6 21. Rxd6 Qxf5 22. Bxf5 Rb8 23. Re1 g5 24. Ree6 b5 25. Rd7 Re8 26. Rf6+ Kg8 27. Be6+ Rxe6 28. Rxe6 Kf8 29. Ra6 Ke8 30. Rb7 1-0